000 02005nam0a2200409 4500
001 RU\NLR\bibl\1672481
005 20260407101654.0
010 _a978-5-8064-1400-8
_9300
021 _aRU
_b2010-58302
_93816
035 _a(nilc)RSL-KNO-004713209
035 _a(NLR Aleph) 001663729
090 _a997853
_c997853
100 _a20100726d2010 |||y0rusy50 ca
101 0 _arus
102 _aRU
105 _ag |||||||||
200 1 _aМузыкальная культура и образование
_eмежвузовский сборник научных трудов
_fРос. гос. пед. ун-т им. А.И. Герцена
_g[ред.-сост.: к.иск., доц. М.В. Воротной
_gнауч. ред.: к.иск., проф. Р.Г. Шитикова]
210 _aСанкт-Петербург
_cИзд-во РГПУ
_d2010
215 _a279, [2] с.
_cил., ноты
_d20
320 _aБиблиогр. в конце ст.
606 1 _aМузыкальная культура
_jСборники
_yРоссия
_92260061
_3RU\NLR\auth\661355172
606 1 _aМузыка русская
_jСборники
_91252336
_3RU\NLR\auth\66195817
606 1 _aМузыкальное образование
_jСборники
_91363439
_3RU\NLR\auth\66256315
686 _aЩ31я43
_2rubbk
686 _aЩ310.7я43
_2rubbk
686 _aЩ313(2Р)я43
686 _aЧ458.782я43
702 1 _aВоротной
_bМ. В.
_gМихаил Вячеславович
_4220
702 1 _aШитикова
_bР. Г.
_gРаиса Григорьевна
_4340
712 0 2 _4570
_aРоссийский государственный педагогический университет им. А. И. Герцена
_cСанкт-Петербург
_3RU\NLR\AUTH\889929136
_9353794
801 0 _aRU
_bРГБ
_c20100726
_grcr
801 1 _aRU
_bРГБ
_c20100726
801 2 _aRU
_bNLR
_c20100908
_grcr
830 _aсост. и ред. раскрыты по ЭК
942 _cBOOK
980 _aNB